00475nam a2200145Ia 4500008004100000041001200041082001100053100002200064245006600086260000600152650000600158942000700164999001700171952014100188221030s9999 xx 000 0 und d aEnglish a105.23 aB. S. Raghuwanshi 2aA Course in Workshlp Technolgoy Vol. IIcby B. S. Raghuwanshi c0 aB cBK c13394d13394 pB 2136l0o105.23 r2022-10-30 00:00:00w2022-10-30yBK003Print4070aMIETLIBbMIETLIBcBL-, FL-, CUP-0, SH-0, R-0d2012-07-0710HBE